The Routledge handbook of transatlantic security / (Record no. 14650)

000 -LEADER
fixed length control field 01468cam a2200373 a 4500
001 - CONTROL NUMBER
control field 16074955
005 - DATE AND TIME OF LATEST TRANSACTION
control field 20170105102901.0
008 - FIXED-LENGTH DATA ELEMENTS--GENERAL INFORMATION
fixed length control field 100129s2010 enk 000 0 eng
010 ## - LIBRARY OF CONGRESS CONTROL NUMBER
LC control number 2010004241
015 ## - NATIONAL BIBLIOGRAPHY NUMBER
National bibliography number GBB045736
Source bnb
016 7# - NATIONAL BIBLIOGRAPHIC AGENCY CONTROL NUMBER
Record control number 015521909
Source Uk
020 ## - INTERNATIONAL STANDARD BOOK NUMBER
International Standard Book Number 9780415572835 (hardcover)
020 ## - INTERNATIONAL STANDARD BOOK NUMBER
International Standard Book Number 9780203846698 (ebook)
035 ## - SYSTEM CONTROL NUMBER
System control number (OCoLC)ocn441141110
040 ## - CATALOGING SOURCE
Original cataloging agency DLC
Transcribing agency DLC
Modifying agency BTCTA
-- YDXCP
-- UKM
-- BWK
-- CDX
-- SHH
-- DLC
043 ## - GEOGRAPHIC AREA CODE
Geographic area code e------
-- ln-----
-- n-us---
050 00 - LIBRARY OF CONGRESS CALL NUMBER
Classification number JZ5930
Item number .R38 2010
082 00 - DEWEY DECIMAL CLASSIFICATION NUMBER
Classification number 355/.03301821
Edition number 22
245 04 - TITLE STATEMENT
Title The Routledge handbook of transatlantic security /
Statement of responsibility, etc. edited by Basil Germond, Jussi M. Hanhimäki, and Georges-Henri Soutou.
260 ## - PUBLICATION, DISTRIBUTION, ETC.
Place of publication, distribution, etc. Milton Park, Abingdon, Oxon, [England] ;
-- New York :
Name of publisher, distributor, etc. Routledge,
Date of publication, distribution, etc. c2010.
300 ## - PHYSICAL DESCRIPTION
Extent xviii, 313 p. ;
Dimensions 26 cm.
610 20 - SUBJECT ADDED ENTRY--CORPORATE NAME
Corporate name or jurisdiction name as entry element North Atlantic Treaty Organization.
650 #0 - SUBJECT ADDED ENTRY--TOPICAL TERM
Topical term or geographic name entry element Security, International
Geographic subdivision North Atlantic Region.
650 #0 - SUBJECT ADDED ENTRY--TOPICAL TERM
Topical term or geographic name entry element National security
Geographic subdivision Europe.
650 #0 - SUBJECT ADDED ENTRY--TOPICAL TERM
Topical term or geographic name entry element National security
Geographic subdivision United States.
651 #0 - SUBJECT ADDED ENTRY--GEOGRAPHIC NAME
Geographic name United States
General subdivision Military relations
Geographic subdivision European Union countries.
651 #0 - SUBJECT ADDED ENTRY--GEOGRAPHIC NAME
Geographic name European Union countries
General subdivision Military relations
Geographic subdivision United States.
700 1# - ADDED ENTRY--PERSONAL NAME
Personal name Germond, Basil.
700 1# - ADDED ENTRY--PERSONAL NAME
Personal name Hanhimäki, Jussi M.,
Dates associated with a name 1965-
700 1# - ADDED ENTRY--PERSONAL NAME
Personal name Soutou, Georges-Henri.
906 ## - LOCAL DATA ELEMENT F, LDF (RLIN)
a 7
b cbc
c orignew
d 1
e ecip
f 20
g y-gencatlg
942 ## - ADDED ENTRY ELEMENTS (KOHA)
Source of classification or shelving scheme
Koha item type Reference
Holdings
Withdrawn status Lost status Damaged status Not for loan Collection code Permanent Location Current Location Shelving location Date acquired Total Checkouts Full call number Barcode Date last seen Price effective from Koha item type
          Centre for International Peace & Stability (CIPS) Centre for International Peace & Stability (CIPS) Reference 09/16/2013   355/.03301821 ROU 2010 CIPS0001103 10/10/2013 10/10/2013 Reference
© 2023 Central Library, National University of Sciences and Technology. All Rights Reserved.